[Event "eytcc"]
[Site "?"]
[Date "2017.08.19"]
[Round "3.23"]
[White "Gumularz, Szymon"]
[Black "Haring, Filip"]
[Result "1-0"]
[BlackElo "2258"]
[WhiteElo "2342"]
[LiveChessVersion "1.4.4"]

1. e4 c5 2. Nf3 e6 3. d4 cxd4 4. Nxd4 a6 5. Be2 Nf6 6. Nc3 Qc7 7. O-O Nc6 8. Be3
Be7 9. f4 d6 10. Qe1 Bd7 11. Qg3 g6 12. Rad1 h5 13. h3 O-O-O 14. Qf2 Rdg8 15. Nf3
Rg7 16. Bb6 Qb8 17. e5 Ne8 18. Ne4 f5 19. exf6 Nxf6 20. Nxf6 Bxf6 21. c3 Rf8 22.
Qe3 Ne7 23. Bc4 Nf5 24. Qd2 d5 25. Bd3 Qd6 26. Bf2 Bc6 27. Bxf5 gxf5 28. Bd4 Rg3
29. Kh2 h4 30. Bxf6 Rxf6 31. Qd4 Rfg6 32. Rf2 Be8 33. Re1 b6 34. Re5 Bb5 35. b3
Kb7 36. Re3 Qd8 37. c4 Bc6 38. Rfe2 Qg8 39. Nxh4 Rg7 40. Rxe6 dxc4 41. Re7+ Rxe7
42. Rxe7+ Ka8 43. Qf2 Rc3 44. bxc4 Be4 45. Rd7 Rc2 46. Rd2 Rc3 47. Rb2 a5 48.
Rxb6 Qxc4 49. Rd6 Qc7 50. Qd4 Rc4 51. Qe5 Rc5 52. Qe8+ Kb7 53. Rd7 Kb6 54. Rxc7
Kxc7 55. Qe7+ Kc6 56. Nf3 1-0

[Event "eytcc"]
[Site "?"]
[Date "2017.08.19"]
[Round "3.24"]
[White "Sahidi, Samir"]
[Black "Kosakowski, Jakub"]
[Result "0-1"]
[BlackElo "2363"]
[WhiteElo "2212"]
[LiveChessVersion "1.4.4"]

1. e4 {[%clk 1:30:53]} c5 {[%clk 1:30:32]} 2. Nf3 {[%clk 1:30:50]} d6
{[%clk 1:30:48]} 3. d4 {[%clk 1:30:50]} cxd4 {[%clk 1:31:03]} 4. Nxd4
{[%clk 1:31:02]} Nf6 {[%clk 1:31:23]} 5. Nc3 {[%clk 1:30:45]} a6 {[%clk 1:31:40]}
6. Be2 {[%clk 1:30:59]} e5 {[%clk 1:31:51]} 7. Nf3 {[%clk 1:30:33]} h6
{[%clk 1:30:22]} 8. Nd2 {[%clk 1:25:45]} Be6 {[%clk 1:18:31]} 9. Nc4
{[%clk 1:22:35]} b5 {[%clk 1:14:44]} 10. Ne3 {[%clk 1:22:50]} Nbd7
{[%clk 1:14:51]} 11. Bf3 {[%clk 1:19:20]} Nb6 {[%clk 1:10:22]} 12. O-O
{[%clk 1:16:23]} Be7 {[%clk 1:06:59]} 13. Re1 {[%clk 1:06:50]} O-O
{[%clk 1:02:55]} 14. Ne2 {[%clk 1:04:19]} Rc8 {[%clk 0:53:29]} 15. Ng3
{[%clk 1:01:20]} g6 {[%clk 0:52:50]} 16. Bd2 {[%clk 0:52:43]} Na4
{[%clk 0:52:13]} 17. b3 {[%clk 0:46:33]} Nc3 {[%clk 0:45:35]} 18. Bxc3
{[%clk 0:45:08]} Rxc3 {[%clk 0:45:47]} 19. Ne2 {[%clk 0:44:02]} Rc7
{[%clk 0:44:04]} 20. c3 {[%clk 0:42:31]} Qb8 {[%clk 0:38:10]} 21. Qd3
{[%clk 0:38:07]} Rfc8 {[%clk 0:36:44]} 22. Reb1 {[%clk 0:34:37]} a5
{[%clk 0:31:39]} 23. c4 {[%clk 0:32:55]} bxc4 {[%clk 0:30:10]} 24. bxc4
{[%clk 0:31:16]} Qa7 {[%clk 0:30:18]} 25. Rc1 {[%clk 0:30:22]} h5
{[%clk 0:29:29]} 26. Rc2 {[%clk 0:29:08]} Nd7 {[%clk 0:28:58]} 27. Ng3
{[%clk 0:21:04]} Bg5 {[%clk 0:20:57]} 28. Ngf1 {[%clk 0:20:43]} Rc6
{[%clk 0:21:04]} 29. Rd1 {[%clk 0:16:58]} Nb6 {[%clk 0:16:49]} 30. Rdc1
{[%clk 0:15:37]} Qa6 {[%clk 0:15:59]} 31. Be2 {[%clk 0:15:41]} Nd7
{[%clk 0:14:21]} 32. Nd2 {[%clk 0:15:09]} a4 {[%clk 0:13:35]} 33. Qa3
{[%clk 0:14:36]} Qa7 {[%clk 0:12:51]} 34. Ndf1 {[%clk 0:12:50]} Bd8
{[%clk 0:11:59]} 35. Rd2 {[%clk 0:11:53]} Nc5 {[%clk 0:10:29]} 36. Bf3
{[%clk 0:11:29]} Ba5 {[%clk 0:09:42]} 37. Rb2 {[%clk 0:11:25]} Rb6
{[%clk 0:07:12]} 38. Rcb1 {[%clk 0:11:00]} Rcb8 {[%clk 0:07:13]} 39. Rxb6
{[%clk 0:09:33]} Rxb6 {[%clk 0:07:34]} 40. Rxb6 {[%clk 0:39:28]} Qxb6
{[%clk 0:37:57]} 41. Qc1 {[%clk 0:39:10]} Nd3 {[%clk 0:33:04]} 42. Qc2
{[%clk 0:38:17]} Qd4 {[%clk 0:32:57]} 43. Be2 {[%clk 0:37:09]} Nc5
{[%clk 0:30:28]} 44. Nd5 {[%clk 0:33:41]} Kg7 {[%clk 0:27:59]} 45. Bf3
{[%clk 0:32:54]} a3 {[%clk 0:26:42]} 46. Nfe3 {[%clk 0:32:33]} Bd7
{[%clk 0:22:38]} 47. Nd1 {[%clk 0:31:10]} Ba4 {[%clk 0:21:44]} 48. Qb1
{[%clk 0:29:58]} Qd2 {[%clk 0:18:58]} 49. N5e3 {[%clk 0:26:28]} Qe1+
{[%clk 0:12:48]} 50. Nf1 {[%clk 0:26:46]} Bxd1 {[%clk 0:12:37]} 51. Qxd1
{[%clk 0:26:53]} Qxd1 {[%clk 0:12:55]} 52. Bxd1 {[%clk 0:27:19]} Nxe4
{[%clk 0:13:12]} 53. c5 {[%clk 0:21:41]} Nxc5 {[%clk 0:12:36]} 54. Ne3
{[%clk 0:20:04]} Ne4 {[%clk 0:11:41]} 55. Nc4 {[%clk 0:18:31]} Bb4
{[%clk 0:11:42]} 56. Kf1 {[%clk 0:17:25]} f6 {[%clk 0:11:13]} 57. f3
{[%clk 0:17:16]} Nc3 {[%clk 0:10:27]} 58. Bb3 {[%clk 0:17:22]} Bc5
{[%clk 0:09:22]} 59. Ke1 {[%clk 0:16:08]} d5 {[%clk 0:09:32]} 60. Nd2
{[%clk 0:15:59]} f5 {[%clk 0:09:29]} 61. Nf1 {[%clk 0:15:27]} Bb4
{[%clk 0:09:10]} 62. Kf2 {[%clk 0:15:43]} d4 {[%clk 0:08:55]} 63. Ng3
{[%clk 0:15:39]} e4 {[%clk 0:08:44]} 64. fxe4 {[%clk 0:15:35]} fxe4
{[%clk 0:09:07]} 65. Ne2 Nxe2 {[%clk 0:09:25]} 66. Kxe2 {[%clk 0:15:48]} Kf6
{[%clk 0:09:53]} 67. Bd5 {[%clk 0:13:58]} Ke5 {[%clk 0:10:16]} 68. Bf7
{[%clk 0:13:30]} d3+ {[%clk 0:10:38]} 69. Kf2 {[%clk 0:13:13]} Kd4
{[%clk 0:10:54]} 70. Bxg6 {[%clk 0:12:57]} e3+ {[%clk 0:11:18]} 71. Kg3
{[%clk 0:11:52]} e2 {[%clk 0:11:42]} 0-1

[Event "eytcc"]
[Site "?"]
[Date "2017.08.19"]
[Round "3.25"]
[White "Dobrovoljc, Vid"]
[Black "Morozov, Nichita"]
[Result "0-1"]
[BlackElo "2458"]
[WhiteElo "2303"]
[LiveChessVersion "1.4.4"]

1. d4 {[%clk 1:30:49]} Nf6 {[%clk 1:27:34]} 2. Nf3 {[%clk 1:31:00]} b6
{[%clk 1:23:36]} 3. e3 {[%clk 1:16:50]} e6 {[%clk 1:23:06]} 4. Bd3
{[%clk 1:15:41]} Bb7 {[%clk 1:23:27]} 5. O-O {[%clk 1:10:03]} c5 {[%clk 1:23:54]}
6. c4 {[%clk 1:10:08]} Be7 {[%clk 1:23:10]} 7. Nc3 {[%clk 1:10:21]} cxd4
{[%clk 1:23:16]} 8. exd4 {[%clk 1:10:46]} d6 {[%clk 1:23:33]} 9. d5
{[%clk 1:05:56]} e5 {[%clk 1:23:09]} 10. Nh4 {[%clk 0:58:51]} g6 {[%clk 1:20:39]}
11. Bh6 {[%clk 0:50:57]} Nbd7 {[%clk 1:17:42]} 12. f4 {[%clk 0:45:08]} a6
{[%clk 1:11:14]} 13. Qe2 {[%clk 0:28:33]} Qc7 {[%clk 1:08:56]} 14. fxe5
{[%clk 0:19:10]} dxe5 {[%clk 1:09:21]} 15. Ne4 {[%clk 0:18:11]} Nxe4
{[%clk 1:07:23]} 16. Bxe4 {[%clk 0:17:48]} Qc5+ {[%clk 1:04:52]} 17. Be3
{[%clk 0:14:16]} Qd6 {[%clk 1:05:14]} 18. Nf3 {[%clk 0:09:22]} f5
{[%clk 1:02:42]} 19. Bc2 {[%clk 0:09:26]} O-O {[%clk 1:02:58]} 20. Rae1
{[%clk 0:03:29]} Rac8 {[%clk 0:59:13]} 21. Kh1 {[%clk 0:01:00]} Rfe8
{[%clk 0:56:44]} 22. Ba4 {[%clk 0:00:48]} Rc7 {[%clk 0:55:05]} 23. Bg5
{[%clk 0:00:32]} e4 {[%clk 0:50:50]} 24. Bxd7 {[%clk 0:00:43]} exf3
{[%clk 0:48:56]} 25. Qe6+ {[%clk 0:00:40]} Qxe6 {[%clk 0:49:13]} 26. Bxe6+
{[%clk 0:01:08]} Kg7 {[%clk 0:49:39]} 27. Bxe7 {[%clk 0:00:47]} fxg2+
{[%clk 0:50:06]} 28. Kxg2 {[%clk 0:01:11]} Rcxe7 {[%clk 0:50:29]} 29. Kg3
{[%clk 0:01:24]} Bc8 {[%clk 0:50:43]} 30. Rf3 {[%clk 0:00:34]} Bxe6
{[%clk 0:51:05]} 31. dxe6 {[%clk 0:00:52]} Rxe6 {[%clk 0:51:31]} 32. Rxe6
{[%clk 0:01:05]} Rxe6 {[%clk 0:51:58]} 33. b4 {[%clk 0:00:35]} Re2
{[%clk 0:51:29]} 34. Ra3 {[%clk 0:00:37]} a5 {[%clk 0:50:14]} 35. c5
{[%clk 0:00:38]} bxc5 {[%clk 0:46:34]} 36. bxa5 {[%clk 0:01:04]} Re7
{[%clk 0:46:59]} 37. Rb3 {[%clk 0:01:08]} c4 {[%clk 0:47:04]} 38. Rb5
{[%clk 0:00:32]} Re3+ {[%clk 0:47:20]} 39. Kf4 {[%clk 0:00:48]} Re2
{[%clk 0:42:48]} 40. a4 {[%clk 0:30:31]} c3 {[%clk 1:13:05]} 41. h3
{[%clk 0:18:05]} Re4+ {[%clk 1:09:46]} 42. Kf3 {[%clk 0:18:14]} Rxa4
{[%clk 1:10:01]} 43. Rc5 {[%clk 0:17:20]} Ra3 {[%clk 1:10:12]} 44. a6
{[%clk 0:16:12]} c2+ {[%clk 1:10:36]} 45. Kg2 {[%clk 0:16:35]} Rxa6
{[%clk 1:10:24]} 46. Rxc2 {[%clk 0:16:55]} g5 {[%clk 1:10:06]} 47. h4
{[%clk 0:09:52]} g4 {[%clk 1:09:40]} 48. Kg3 {[%clk 0:07:33]} Kg6
{[%clk 1:09:53]} 49. Rc3 {[%clk 0:07:45]} Ra4 {[%clk 1:10:02]} 50. Rc6+
{[%clk 0:07:34]} Kh5 {[%clk 1:10:24]} 51. Rc5 {[%clk 0:07:59]} Ra3+
{[%clk 1:10:50]} 52. Kg2 {[%clk 0:08:15]} Rf3 {[%clk 1:11:08]} 53. Rc7
{[%clk 0:08:34]} h6 {[%clk 1:11:30]} 54. Rc6 {[%clk 0:08:51]} f4 {[%clk 1:11:52]}
55. Rf6 {[%clk 0:08:50]} Rg3+ {[%clk 1:07:13]} 56. Kf2 {[%clk 0:08:51]} Ra3
{[%clk 1:07:14]} 57. Rxf4 {[%clk 0:09:01]} Kxh4 {[%clk 1:07:41]} 58. Rb4
{[%clk 0:08:57]} Kh3 {[%clk 1:07:09]} 59. Rb1 {[%clk 0:09:06]} Kh2
{[%clk 1:07:13]} 0-1

[Event "eytcc"]
[Site "?"]
[Date "2017.08.19"]
[Round "3.26"]
[White "Macovei, Andrei"]
[Black "Zamar Kodelja, Jurij"]
[Result "0-1"]
[BlackElo "2251"]
[WhiteElo "2370"]
[LiveChessVersion "1.4.4"]

1. e4 {[%clk 1:30:57]} c5 {[%clk 1:30:15]} 2. Nf3 {[%clk 1:31:24]} d6
{[%clk 1:30:33]} 3. Bb5+ {[%clk 1:31:24]} Bd7 {[%clk 1:30:49]} 4. Bxd7+
{[%clk 1:31:47]} Qxd7 {[%clk 1:31:16]} 5. c4 {[%clk 1:32:13]} Nf6
{[%clk 1:31:39]} 6. Nc3 {[%clk 1:32:39]} g6 {[%clk 1:32:00]} 7. d4
{[%clk 1:32:26]} cxd4 {[%clk 1:32:24]} 8. Nxd4 {[%clk 1:32:55]} Bg7
{[%clk 1:32:40]} 9. f3 {[%clk 1:32:00]} O-O {[%clk 1:32:48]} 10. Be3
{[%clk 1:32:28]} Nc6 {[%clk 1:33:06]} 11. O-O {[%clk 1:32:00]} a6
{[%clk 1:31:52]} 12. a4 {[%clk 1:31:15]} Rad8 {[%clk 1:25:37]} 13. Qd2
{[%clk 1:16:35]} e6 {[%clk 1:18:41]} 14. Rad1 {[%clk 1:04:42]} Qc7
{[%clk 1:09:06]} 15. b3 {[%clk 0:30:52]} d5 {[%clk 0:54:56]} 16. exd5
{[%clk 0:31:13]} exd5 {[%clk 0:55:22]} 17. c5 {[%clk 0:31:35]} Rfe8
{[%clk 0:53:30]} 18. Bf2 {[%clk 0:31:40]} Nh5 {[%clk 0:45:22]} 19. g3
{[%clk 0:29:22]} Nxd4 {[%clk 0:45:12]} 20. Bxd4 {[%clk 0:25:37]} Bxd4+
{[%clk 0:45:38]} 21. Qxd4 {[%clk 0:25:19]} Nxg3 {[%clk 0:45:45]} 22. Nxd5
{[%clk 0:24:09]} Rxd5 {[%clk 0:45:34]} 23. Qxd5 {[%clk 0:24:04]} Nxf1
{[%clk 0:45:59]} 24. Rxf1 {[%clk 0:22:33]} Re5 {[%clk 0:46:09]} 25. Qd4
{[%clk 0:15:43]} Rg5+ {[%clk 0:45:12]} 26. Kh1 {[%clk 0:16:01]} Qxc5
{[%clk 0:45:25]} 27. Rd1 {[%clk 0:15:12]} b5 {[%clk 0:42:36]} 28. Qxc5
{[%clk 0:08:56]} Rxc5 {[%clk 0:43:01]} 29. Rd6 {[%clk 0:07:34]} bxa4
{[%clk 0:41:53]} 30. bxa4 {[%clk 0:07:56]} a5 {[%clk 0:42:03]} 31. Ra6
{[%clk 0:08:23]} Rg5 {[%clk 0:42:02]} 32. h4 {[%clk 0:07:06]} Rg3
{[%clk 0:41:54]} 33. Rxa5 {[%clk 0:07:26]} Rxf3 {[%clk 0:42:20]} 34. Kg2
{[%clk 0:07:18]} Ra3 {[%clk 0:42:45]} 35. Ra8+ {[%clk 0:06:11]} Kg7
{[%clk 0:43:12]} 36. a5 {[%clk 0:06:36]} Kh6 {[%clk 0:43:27]} 37. Ra7
{[%clk 0:06:21]} f6 {[%clk 0:41:04]} 38. Ra6 {[%clk 0:05:36]} Kh5
{[%clk 0:41:16]} 39. Rxf6 {[%clk 0:04:19]} Kxh4 {[%clk 0:41:42]} 40. a6
{[%clk 0:34:06]} Kg5 {[%clk 1:11:43]} 41. Rb6 {[%clk 0:26:11]} h5
{[%clk 1:11:53]} 42. Rb5+ {[%clk 0:24:58]} Kh6 {[%clk 1:12:16]} 43. Rb6
{[%clk 0:25:25]} h4 {[%clk 1:12:41]} 44. Kh2 {[%clk 0:15:45]} Kh5
{[%clk 1:12:56]} 45. Kg2 {[%clk 0:14:55]} g5 {[%clk 1:13:19]} 46. Rc6
{[%clk 0:13:50]} h3+ {[%clk 1:12:50]} 47. Kf2 {[%clk 0:09:48]} Kh4
{[%clk 1:13:06]} 48. Rb6 {[%clk 0:09:29]} Ra2+ {[%clk 1:13:24]} 0-1

[Event "eytcc"]
[Site "?"]
[Date "2017.08.19"]
[Round "3.27"]
[White "Brinovec, David"]
[Black "Schitco, Ivan"]
[Result "0-1"]
[BlackElo "2315"]
[WhiteElo "2178"]
[LiveChessVersion "1.4.4"]

1. e4 {[%clk 1:30:56]} e5 {[%clk 1:30:51]} 2. Nf3 {[%clk 1:31:18]} Nc6
{[%clk 1:31:08]} 3. Nc3 {[%clk 1:30:18]} Nf6 {[%clk 1:31:18]} 4. d4
{[%clk 1:30:41]} exd4 {[%clk 1:31:29]} 5. Nxd4 {[%clk 1:31:04]} Bb4
{[%clk 1:31:17]} 6. Nxc6 {[%clk 1:31:19]} bxc6 {[%clk 1:31:37]} 7. Bd3
{[%clk 1:31:39]} O-O {[%clk 1:31:38]} 8. O-O {[%clk 1:28:12]} d5 {[%clk 1:31:46]}
9. exd5 {[%clk 1:28:18]} cxd5 {[%clk 1:32:07]} 10. Bg5 {[%clk 1:28:43]} c6
{[%clk 1:29:34]} 11. Ne2 {[%clk 1:29:07]} Be7 {[%clk 1:25:32]} 12. Nd4
{[%clk 1:27:43]} Bd7 {[%clk 1:22:11]} 13. c3 {[%clk 1:20:04]} Re8
{[%clk 1:16:02]} 14. Re1 {[%clk 1:17:40]} Ne4 {[%clk 1:05:17]} 15. Bxe7
{[%clk 1:16:27]} Rxe7 {[%clk 1:05:29]} 16. Bxe4 {[%clk 1:13:07]} dxe4
{[%clk 1:04:01]} 17. b4 {[%clk 0:42:52]} Qb6 {[%clk 0:44:42]} 18. Nb3
{[%clk 0:40:28]} e3 {[%clk 0:41:03]} 19. Nc5 {[%clk 0:40:43]} exf2+
{[%clk 0:39:59]} 20. Kxf2 {[%clk 0:41:12]} Rxe1 {[%clk 0:38:45]} 21. Qxe1
{[%clk 0:40:33]} Be6 {[%clk 0:34:38]} 22. Qe3 {[%clk 0:37:15]} Bd5
{[%clk 0:31:26]} 23. Re1 {[%clk 0:36:30]} h6 {[%clk 0:30:56]} 24. a3
{[%clk 0:36:58]} a5 {[%clk 0:29:40]} 25. Kg1 {[%clk 0:16:28]} axb4
{[%clk 0:25:26]} 26. cxb4 {[%clk 0:16:29]} Qd8 {[%clk 0:24:58]} 27. a4
{[%clk 0:15:40]} Qh4 {[%clk 0:24:28]} 28. Rb1 {[%clk 0:13:46]} Qg4
{[%clk 0:23:04]} 29. Qg3 {[%clk 0:13:01]} Qc4 {[%clk 0:21:23]} 30. h3
{[%clk 0:02:30]} Qc2 {[%clk 0:19:15]} 31. Re1 {[%clk 0:01:14]} Qb2
{[%clk 0:18:42]} 32. Nd3 {[%clk 0:00:52]} Qd4+ {[%clk 0:18:29]} 33. Qe3
{[%clk 0:00:58]} Qxe3+ 34. Rxe3 {[%clk 0:01:26]} Rxa4 {[%clk 0:19:27]} 35. Re8+
{[%clk 0:00:42]} Kh7 {[%clk 0:19:54]} 36. Rb8 {[%clk 0:01:11]} Ra1+
{[%clk 0:17:20]} 37. Kh2 {[%clk 0:00:48]} g5 {[%clk 0:17:50]} 38. Kg3
{[%clk 0:00:36]} Rg1 {[%clk 0:18:03]} 39. Kf2 {[%clk 0:00:34]} Rxg2+
{[%clk 0:18:28]} 40. Ke3 {[%clk 0:30:56]} Rg3+ {[%clk 0:48:20]} 41. Kd4
{[%clk 0:31:25]} Rxh3 {[%clk 0:47:55]} 42. Ne5 {[%clk 0:31:06]} Rh1
{[%clk 0:42:05]} 43. b5 {[%clk 0:28:56]} Rd1+ {[%clk 0:42:15]} 44. Kc5
{[%clk 0:29:25]} cxb5 {[%clk 0:41:33]} 45. Rd8 {[%clk 0:29:37]} Bb3
{[%clk 0:41:42]} 46. Rxd1 {[%clk 0:29:41]} Bxd1 {[%clk 0:42:06]} 47. Nxf7
{[%clk 0:30:00]} Be2 {[%clk 0:42:29]} 0-1

[Event "eytcc"]
[Site "?"]
[Date "2017.08.19"]
[Round "3.28"]
[White "Martinovici, Ilie"]
[Black "Subelj, Jan"]
[Result "1-0"]
[BlackElo "2120"]
[WhiteElo "2059"]
[LiveChessVersion "1.4.4"]

1. e4 {[%clk 1:30:57]} e5 {[%clk 1:30:46]} 2. Nf3 {[%clk 1:31:24]} Nc6
{[%clk 1:31:09]} 3. Bc4 {[%clk 1:31:52]} Bc5 {[%clk 1:31:09]} 4. c3
{[%clk 1:32:17]} Nf6 {[%clk 1:31:34]} 5. d3 {[%clk 1:32:41]} a6 {[%clk 1:30:56]}
6. Bb3 {[%clk 1:32:48]} d6 {[%clk 1:30:20]} 7. Nbd2 {[%clk 1:33:08]} O-O
{[%clk 1:30:41]} 8. Nf1 {[%clk 1:30:29]} d5 {[%clk 1:30:03]} 9. Qe2
{[%clk 1:29:48]} dxe4 {[%clk 1:24:49]} 10. dxe4 {[%clk 1:30:13]} Ng4
{[%clk 1:20:46]} 11. Ne3 {[%clk 1:29:57]} Nxe3 {[%clk 1:20:53]} 12. Bxe3
{[%clk 1:30:23]} Bxe3 {[%clk 1:20:58]} 13. Qxe3 {[%clk 1:30:46]} Qf6
{[%clk 1:19:08]} 14. h3 {[%clk 1:27:15]} Be6 {[%clk 1:06:46]} 15. Bd5
{[%clk 1:22:09]} Ne7 {[%clk 1:03:34]} 16. O-O-O {[%clk 1:11:21]} Rad8
{[%clk 0:56:07]} 17. Bxb7 {[%clk 1:05:31]} Bxa2 {[%clk 0:56:26]} 18. Qg5
{[%clk 1:05:23]} Qxg5+ {[%clk 0:55:18]} 19. Nxg5 {[%clk 1:05:48]} a5
{[%clk 0:48:28]} 20. Rxd8 {[%clk 1:00:23]} Rxd8 {[%clk 0:48:47]} 21. Rd1
{[%clk 1:00:43]} Rxd1+ {[%clk 0:49:00]} 22. Kxd1 {[%clk 1:01:12]} Bc4
{[%clk 0:49:15]} 23. Nf3 {[%clk 1:01:22]} f6 {[%clk 0:44:51]} 24. Nd2
{[%clk 1:00:54]} Bd3 {[%clk 0:44:54]} 25. f3 {[%clk 0:49:44]} a4 {[%clk 0:40:59]}
26. Ke1 {[%clk 0:49:44]} Kf8 {[%clk 0:40:22]} 27. Kf2 {[%clk 0:48:48]} Ke8
{[%clk 0:40:45]} 28. Ke3 {[%clk 0:48:47]} Bb5 {[%clk 0:41:08]} 29. c4
{[%clk 0:46:10]} Bd7 {[%clk 0:41:24]} 30. Nb1 {[%clk 0:45:50]} Ng6
{[%clk 0:41:49]} 31. g3 {[%clk 0:31:58]} Bxh3 {[%clk 0:41:46]} 32. Bc6+
{[%clk 0:32:17]} Bd7 {[%clk 0:41:33]} 33. Bxd7+ {[%clk 0:32:43]} Kxd7
{[%clk 0:41:58]} 34. Nc3 {[%clk 0:33:11]} Nf8 {[%clk 0:41:32]} 35. Nxa4
{[%clk 0:33:31]} Ne6 {[%clk 0:41:57]} 36. b4 {[%clk 0:30:39]} h5 {[%clk 0:41:16]}
37. Nc3 {[%clk 0:28:06]} Nd4 {[%clk 0:40:57]} 38. b5 {[%clk 0:28:28]} Kd6
{[%clk 0:41:18]} 39. Nd5 {[%clk 0:28:02]} Ne6 {[%clk 0:41:22]} 40. f4
{[%clk 0:54:25]} Nc5 {[%clk 1:01:31]} 41. f5 {[%clk 0:51:56]} Na4
{[%clk 1:00:12]} 42. Kf3 {[%clk 0:50:57]} Nc5 {[%clk 1:00:15]} 43. Ke3
{[%clk 0:45:57]} Na4 {[%clk 1:00:33]} 44. Kf3 {[%clk 0:37:54]} Nc5
{[%clk 1:00:37]} 45. Nb4 {[%clk 0:37:04]} Nb3 {[%clk 0:59:46]} 46. Ke3
{[%clk 0:36:47]} Nc5 {[%clk 0:59:05]} 47. Na6 {[%clk 0:36:28]} Nd7
{[%clk 0:59:24]} 48. Kd3 {[%clk 0:35:50]} Nf8 {[%clk 0:58:07]} 49. c5+
{[%clk 0:36:00]} Kd7 {[%clk 0:58:29]} 50. Nb8+ {[%clk 0:31:07]} Kc8
{[%clk 0:58:29]} 51. Nc6 {[%clk 0:31:31]} Kd7 {[%clk 0:58:53]} 52. Kc4
{[%clk 0:30:15]} g5 53. fxg6 {[%clk 0:30:39]} Nxg6 {[%clk 0:58:54]} 54. Kd5
{[%clk 0:30:54]} h4 {[%clk 0:58:37]} 55. gxh4 {[%clk 0:31:17]} Nxh4
{[%clk 0:58:39]} 56. b6 {[%clk 0:30:18]} cxb6 {[%clk 0:54:02]} 57. cxb6
{[%clk 0:30:47]} Kc8 {[%clk 0:54:12]} 58. Kc5 {[%clk 0:28:23]} f5
{[%clk 0:51:38]} 59. Kb5 {[%clk 0:27:49]} Kb7 {[%clk 0:51:25]} 60. Nd8+
{[%clk 0:28:09]} Kc8 {[%clk 0:51:34]} 61. b7+ {[%clk 0:28:17]} 1-0

[Event "eytcc"]
[Site "?"]
[Date "2017.08.19"]
[Round "3.29"]
[White "Winiarski, Mikolaj"]
[Black "De Waele, Warre"]
[Result "1-0"]
[BlackElo "2168"]
[WhiteElo "2269"]
[LiveChessVersion "1.4.4"]

1. d4 {[%clk 1:30:45]} Nf6 {[%clk 1:30:53]} 2. c4 {[%clk 1:30:40]} e6
{[%clk 1:31:16]} 3. Nc3 {[%clk 1:30:58]} Bb4 {[%clk 1:31:39]} 4. e3
{[%clk 1:30:58]} O-O {[%clk 1:31:38]} 5. Nge2 {[%clk 1:31:17]} c6
{[%clk 1:31:20]} 6. a3 {[%clk 1:30:00]} Ba5 {[%clk 1:31:41]} 7. Qc2
{[%clk 1:29:23]} d5 {[%clk 1:31:25]} 8. Ng3 {[%clk 1:28:24]} Re8 {[%clk 1:25:02]}
9. Be2 {[%clk 1:19:13]} Nbd7 {[%clk 1:20:44]} 10. O-O {[%clk 1:18:27]} dxc4
{[%clk 1:15:37]} 11. Bxc4 {[%clk 1:18:49]} e5 {[%clk 1:15:47]} 12. Ba2
{[%clk 1:17:50]} Bc7 {[%clk 1:11:21]} 13. Rd1 {[%clk 1:04:01]} exd4
{[%clk 1:03:59]} 14. exd4 {[%clk 1:03:57]} Qe7 {[%clk 0:57:55]} 15. Bg5
{[%clk 1:01:55]} h6 {[%clk 0:50:06]} 16. Nf5 {[%clk 0:56:43]} Qf8
{[%clk 0:50:12]} 17. Bh4 {[%clk 0:57:02]} g6 {[%clk 0:41:29]} 18. Ne3
{[%clk 0:42:11]} Kg7 {[%clk 0:41:26]} 19. d5 {[%clk 0:34:09]} Bb6
{[%clk 0:20:03]} 20. Nc4 {[%clk 0:32:18]} cxd5 {[%clk 0:16:49]} 21. Nxd5
{[%clk 0:31:16]} Bd8 {[%clk 0:15:33]} 22. Qc3 {[%clk 0:21:21]} Qc5
{[%clk 0:13:53]} 23. b4 {[%clk 0:11:12]} Qc6 {[%clk 0:14:06]} 24. b5
{[%clk 0:08:23]} Qc5 {[%clk 0:13:04]} 25. Rac1 {[%clk 0:07:52]} g5
{[%clk 0:12:25]} 26. Bg3 {[%clk 0:07:45]} Kg8 {[%clk 0:08:14]} 27. Nd6
{[%clk 0:05:46]} Qxc3 {[%clk 0:08:27]} 28. Nxc3 {[%clk 0:02:22]} Rf8
{[%clk 0:08:31]} 29. Nd5 {[%clk 0:01:55]} Nb6 {[%clk 0:07:34]} 30. Nc7
{[%clk 0:00:50]} Rb8 {[%clk 0:07:08]} 31. Nxf7 {[%clk 0:00:54]} 1-0

[Event "eytcc"]
[Site "?"]
[Date "2017.08.19"]
[Round "3.31"]
[White "Kokoszczynski, Jan"]
[Black "De Bock, Thijs"]
[Result "1-0"]
[BlackElo "1951"]
[WhiteElo "2126"]
[LiveChessVersion "1.4.4"]

1. d4 Nf6 2. c4 g6 3. Nf3 Bg7 4. g3 O-O 5. Bg2 d6 6. O-O Nbd7 7. Nc3 e5 8. e4
exd4 9. Nxd4 Re8 10. h3 a6 11. Be3 Rb8 12. b3 c5 13. Nde2 b5 14. Qxd6 b4 15. Na4
Nxe4 16. Bxe4 Rxe4 17. Rad1 Qe8 18. Nxc5 Bf8 19. Nxd7 Bxd7 20. Qxd7 Rxe3 21. fxe3
Qxe3+ 22. Rf2 Bc5 23. Qxf7+ Kh8 24. Qf6+ Kg8 25. Rd7 1-0

[Event "eytcc"]
[Site "?"]
[Date "2017.08.19"]
[Round "3.32"]
[White "Van Malder, Dries"]
[Black "Sanz Wawer, Daniel"]
[Result "0-1"]
[BlackElo "1972"]
[WhiteElo "1916"]
[LiveChessVersion "1.4.4"]

1. d4 {[%clk 1:30:57]} d5 {[%clk 1:30:46]} 2. c4 {[%clk 1:31:19]} c6
{[%clk 1:31:08]} 3. Nf3 {[%clk 1:31:42]} Nf6 {[%clk 1:31:28]} 4. Qc2
{[%clk 1:32:05]} e6 {[%clk 1:30:44]} 5. g3 {[%clk 1:32:24]} Be7 {[%clk 1:29:47]}
6. Bg2 {[%clk 1:32:46]} O-O {[%clk 1:29:26]} 7. O-O {[%clk 1:33:11]} Nbd7
{[%clk 1:28:16]} 8. Nbd2 {[%clk 1:33:31]} b6 {[%clk 1:27:30]} 9. e4
{[%clk 1:31:28]} Ba6 {[%clk 1:25:30]} 10. Ne5 {[%clk 1:20:23]} Nxe5
{[%clk 1:14:17]} 11. dxe5 {[%clk 1:20:41]} Ng4 {[%clk 1:03:21]} 12. Nf3
{[%clk 0:52:10]} Bxc4 {[%clk 0:54:20]} 13. Rd1 {[%clk 0:52:06]} Bc5
{[%clk 0:49:34]} 14. Rd2 {[%clk 0:51:58]} Qb8 {[%clk 0:34:31]} 15. b3
{[%clk 0:47:29]} Ba6 {[%clk 0:34:12]} 16. Bb2 {[%clk 0:45:00]} Rd8
{[%clk 0:32:07]} 17. h3 {[%clk 0:40:20]} dxe4 {[%clk 0:26:23]} 18. hxg4
{[%clk 0:30:08]} exf3 {[%clk 0:26:40]} 19. Bxf3 {[%clk 0:30:32]} Qc7
{[%clk 0:23:46]} 20. Rad1 {[%clk 0:30:08]} Bb7 {[%clk 0:22:19]} 21. Be4
{[%clk 0:30:30]} g6 {[%clk 0:20:57]} 22. Kg2 {[%clk 0:30:05]} Be7
{[%clk 0:19:52]} 23. Rd6 {[%clk 0:22:31]} c5 {[%clk 0:17:59]} 24. f3
{[%clk 0:20:23]} Rab8 {[%clk 0:15:13]} 25. Qd2 {[%clk 0:20:06]} Bxe4
{[%clk 0:12:57]} 26. fxe4 {[%clk 0:20:22]} Qb7 {[%clk 0:11:06]} 27. Qf4
{[%clk 0:15:08]} f5 {[%clk 0:05:51]} 28. gxf5 {[%clk 0:11:52]} exf5
{[%clk 0:02:22]} 29. R6d5 {[%clk 0:11:16]} Qc6 {[%clk 0:01:57]} 30. Qh6
{[%clk 0:07:45]} Qb5 {[%clk 0:01:31]} 31. R1d2 {[%clk 0:07:40]} Bf8
{[%clk 0:01:16]} 32. Qf4 {[%clk 0:06:08]} Be7 {[%clk 0:00:36]} 33. e6
{[%clk 0:05:40]} Qb4 {[%clk 0:00:45]} 34. exf5 {[%clk 0:01:07]} Qxf4 35. gxf4
{[%clk 0:01:31]} gxf5 {[%clk 0:00:56]} 36. Be5 {[%clk 0:00:46]} Rxd5
{[%clk 0:01:02]} 37. Rxd5 {[%clk 0:01:11]} Rd8 {[%clk 0:00:38]} 38. Rxd8+
{[%clk 0:00:45]} Bxd8 {[%clk 0:01:06]} 39. Bd6 {[%clk 0:01:14]} Bf6
{[%clk 0:01:14]} 40. a4 {[%clk 0:30:46]} Bd4 {[%clk 0:30:46]} 41. Bb8
{[%clk 0:25:28]} a6 {[%clk 0:30:15]} 42. Ba7 {[%clk 0:25:35]} Kf8
{[%clk 0:28:40]} 43. Bxb6 {[%clk 0:25:34]} Ke7 {[%clk 0:28:49]} 44. Kf3
{[%clk 0:16:23]} Kxe6 {[%clk 0:26:54]} 45. Ke2 {[%clk 0:16:46]} h5
{[%clk 0:24:41]} 46. Ba5 {[%clk 0:15:32]} Kd5 {[%clk 0:21:21]} 47. Kf3
{[%clk 0:14:10]} Bf6 {[%clk 0:18:45]} 48. Bc7 {[%clk 0:11:02]} Be7
{[%clk 0:14:02]} 49. Bb6 {[%clk 0:09:32]} Bh4 {[%clk 0:10:52]} 50. Ba5
{[%clk 0:08:23]} Kd4 {[%clk 0:08:29]} 51. b4 {[%clk 0:07:06]} Be1
{[%clk 0:07:24]} 52. Bb6 {[%clk 0:06:39]} Bxb4 {[%clk 0:07:43]} 53. Kg3
{[%clk 0:06:44]} Be1+ {[%clk 0:07:43]} 54. Kf3 {[%clk 0:07:09]} h4
{[%clk 0:07:27]} 55. Kg2 {[%clk 0:07:22]} Kc4 {[%clk 0:07:32]} 56. Bd8
{[%clk 0:07:31]} Kb3 {[%clk 0:07:40]} 57. Kf1 {[%clk 0:07:19]} h3
{[%clk 0:07:00]} 0-1